What is the Normal Counterpart of Every Paradox Pokémon - Statistics

General Stats
  • This quiz has been taken 10 times
  • The average score is 19 of 22
Answer Stats
Paradox Pokémon Answer % Correct
Scream Tail Jigglypuff
100%
Roaring Moon Salamence
100%
Iron Thorns Tyranitar
100%
Brute Bonnet Amoonguss
89%
Iron Crown Cobalion
89%
Koraidon Cyclizar
89%
Miraidon Cyclizar
89%
Iron Bundle Delibird
89%
Great Tusk Donphan
89%
Iron Treads Donphan
89%
Gouging Fire Entei
89%
Iron Hands Hariyama
89%
Iron Jugulis Hydreigon
89%
Sandy Shocks Magneton
89%
Flutter Mane Misdreavus
89%
Raging Bolt Raikou
89%
Walking Wake Suicune
89%
Iron Boulder Terrakion
89%
Iron Leaves Virizion
89%
Slither Wing Volcarona
89%
Iron Moth Volcarona
89%
Iron Valiant Gardevoir and Gallade
44%
No matching quizzes found
Score Distribution
Percent of People with Each Score
Percentile by Number Answered
Your Score History
You have not taken this quiz